000 00661 a2200205 4500
999 _c5516
_d5516
005 20181022164003.0
010 _aENG-86889
020 _c650.00
_a0195686640
035 _aEN-70422
037 _bDBAD / PUB
082 _a307.72
100 _aNandini Sundar
245 _aSubalterns and sovereigns :
_cby Nandini Sundar
_ban anthropological history of Baster 1854-2006 /
250 _a2nd ed
260 _aNew Delhi
_bOxford University Press
_c2007
270 _aYMCA Library Building, Jai Singh Road
_bNew Delhi
_e110 045
300 _axxvi, 326p.
_c22cm (Hb)
_bb&w photos
500 _aIncludes index
942 _adpl
_cEN
_2ddc
_h307.72
_mNAN